Table Tennis Quiz #4 - Tournaments - Statistics

General Stats
  • This quiz has been taken 61 times
  • The average score is 5 of 9
Answer Stats
Hint Answer % Correct
WTT Contender
92%
WTT Champions
89%
WTT Star Contender
76%
WTT Feeder
71%
WTT Youth Contender
63%
WTT Youth Star Contender
50%
WTT Adult Tournament WTT Grand Smash
47%
WTT Cup Finals
24%
WTT Youth Tournament WTT Future Stars Cup
5%
No matching quizzes found
Score Distribution
Percent of People with Each Score
Percentile by Number Answered
Your Score History
You have not taken this quiz